Con el cielo en el bolsillo: la astronomía a través de la historia
Shranjeno v:
| Glavni avtor: | |
|---|---|
| Format: | Knjiga |
| Jezik: | španščina |
| Izdano: |
Madrid
De la Torre
1990
|
| Izdaja: | 2a. ed |
| Serija: | Proyecto Didáctico Quirón. Ciencias Aplicadas y Tecnología
|
| Teme: | |
| Oznake: |
Označite
Brez oznak, prvi označite!
|
MARC
| LEADER | 00000nam a2200000 a 4500 | ||
|---|---|---|---|
| 001 | UCO6996 | ||
| 003 | CL-VaPUC | ||
| 008 | 001103e19900000SP |||||||||||||||||spa|d | ||
| 082 | 0 | 4 | |a 520.9 |b AVE |2 21 |
| 100 | 0 | |a Averbuj, Eduardo |e author |9 451629 | |
| 245 | 1 | 0 | |a Con el cielo en el bolsillo: la astronomía a través de la historia |
| 250 | |a 2a. ed | ||
| 300 | |a 262 p | ||
| 942 | |c BK | ||
| 945 | |d 20001103 00:00:00 |a vberengu | ||
| 260 | |a Madrid |b De la Torre |c 1990 | ||
| 650 | 0 | |a Astronomía |v Historia |9 320052 | |
| 650 | 0 | |a Filosofía de las ciencias |9 256466 | |
| 583 | |a last modification |c 20001103 00:00:00 |k Rodrigo Vera | ||
| 490 | 0 | |a Proyecto Didáctico Quirón. Ciencias Aplicadas y Tecnología | |
| 999 | |c 292226 |d 292224 | ||
| 952 | |0 0 |1 0 |4 0 |6 520_900000000000000_AVE_1990 |7 0 |8 A |9 342931 |a BIBHIS |b BIBHIS |d 2019-11-20 |i 3664538 |o 520.9 AVE 1990 |p 3664538 |r 2025-01-20 |w 2019-11-20 |y BK |k HIS | ||